[Event "Challenge"]
[Site "http://www.queenalice.com/game.php?id=766503"]
[Date "2010.4.26"]
[Round "-"]
[White "Samelo"]
[Black "bcnbuda"]
[Result "0-1"]
[WhiteElo "1845"]
[BlackElo "1500"]

1. d4 Nf6 2. c4 e6 3. Nf3 b6 4. Bg5 Bb4+ 5. Nbd2 Bb7 6. e3 c5 7. a3 Bxd2+ 8.
Nxd2 h6 9. Bf4 d6 10. Nf3 Nh5 11. dxc5 Nxf4 12. exf4 bxc5 13. Be2 Qa5+ 14. Qd2
Qxd2+ 15. Kxd2 Nd7 16. Rhd1 a5 17. Ke1 Ke7 18. Kf1 Nf6 19. h3 Rhb8 20. g3 Bc6
21. Rab1 Be4 22. Rbc1 Rxb2 23. Nd2 Rab8 24. Nxe4 Nxe4 25. Re1 a4 26. Kg2 R8b3
27. Ra1 f5 28. f3 Nc3 29. Kf1 Nxe2 30. Rxe2 Rxf3+ 0-1

[Event "partita 4"]
[Site "http://www.queenalice.com/game.php?id=771036"]
[Date "2010.5.5"]
[Round "-"]
[White "daky62"]
[Black "bcnbuda"]
[Result "1-0"]
[WhiteElo "1910"]
[BlackElo "1686"]

1. e4 d5 2. exd5 Qxd5 3. Nf3 Bf5 4. Nc3 Qa5 5. Nd4 Qe5+ 6. Nce2 Nd7 7. Nxf5 Qxf5
8. Ng3 Qa5 9. Bc4 Ne5 10. Be2 O-O-O 11. O-O h5 12. Nxh5 g6 13. Ng3 Bg7 14. f4
Qb6+ 15. Rf2 Nd7 16. c3 Rxh2 17. Kxh2 Qxf2 18. Qf1 Qb6 19. Qg1 Qf6 20. Qf2 Qh4+
21. Kg1 e5 22. d3 Ne7 23. Ne4 Qxf2+ 24. Kxf2 f5 25. Ng5 Nc5 26. fxe5 Nxd3+ 27.
Bxd3 Rxd3 28. Nf7 Kd7 29. Bf4 Nd5 30. Bg5 f4 31. c4 Ne3 32. Bxf4 Rd1 33. Rxd1+
Nxd1+ 34. Kf3 Nxb2 35. e6+ Kxe6 36. Nd8+ 1-0

[Event "Revanche"]
[Site "http://www.queenalice.com/game.php?id=779145"]
[Date "2010.5.22"]
[Round "-"]
[White "bcnbuda"]
[Black "king_chess"]
[Result "1-0"]
[WhiteElo "1976"]
[BlackElo "1911"]

1. c4 c6 2. d4 Nf6 3. Nc3 e6 4. e4 Bb4 5. Bd2 Bxc3 6. Bxc3 O-O 7. Qc2 d5 8. e5
Ne4 9. Bd3 f5 10. Ne2 Nxc3 11. Qxc3 dxc4 12. Bxc4 b5 13. Bb3 Qh4 14. Qg3 Qxg3
15. fxg3 Na6 16. Rc1 Bd7 17. Rf1 Rae8 18. Nf4 Nc7 19. a4 a5 20. Kd2 Rb8 21. Nd3
bxa4 22. Bxa4 Rb6 23. Rc5 Ra8 24. Rfc1 Raa6 25. R5c4 Be8 26. Bd1 Kh8 27. R1c2 g5
28. g4 f4 29. Nc5 Ra8 30. b3 Rb4 31. Rxb4 axb4 32. Bf3 Rb8 33. Kd3 Rb5 34. Ra2
Rb6 35. Ra7 Nb5 36. Ra8 Nc7 37. Rc8 Kg8 38. Rxc7 Bf7 39. Nd7 Ra6 40. Nf6+ Kg7
41. Bxc6 Ra3 42. Be8 Rxb3+ 43. Kd2 Kh8 44. Rxf7 Rb2+ 45. Kc1 Rc2+ 46. Kxc2 b3+
47. Kxb3 f3 48. Rxh7# 1-0

[Event "Challenge"]
[Site "http://www.queenalice.com/game.php?id=780879"]
[Date "2010.5.26"]
[Round "-"]
[White "theblackfox"]
[Black "bcnbuda"]
[Result "0-1"]
[WhiteElo "1884"]
[BlackElo "1797"]

1. e4 c6 2. d4 d5 3. Nc3 dxe4 4. Nxe4 Bf5 5. Qf3 e6 6. Bd3 Qxd4 7. Ne2 Qb6 8. a4
Nd7 9. b3 Ne5 10. Qf4 Nxd3+ 11. cxd3 Qxb3 12. Qf3 Bxe4 13. Qxe4 Bb4+ 14. Bd2
Bxd2+ 15. Kxd2 Qb2+ 16. Ke3 Nf6 17. Qd4 Nd5+ 18. Ke4 Qxe2+ 19. Qe3 Nxe3 20. fxe3
Qg4+ 21. Ke5 Rd8 22. Rhd1 Qf5# 0-1

[Event "Challenge"]
[Site "http://www.queenalice.com/game.php?id=780880"]
[Date "2010.5.26"]
[Round "-"]
[White "theblackfox"]
[Black "bcnbuda"]
[Result "0-1"]
[WhiteElo "1896"]
[BlackElo "1945"]

1. e4 e6 2. d4 d5 3. Nc3 Bb4 4. Bd2 c5 5. dxc5 Bxc5 6. Nf3 Qb6 7. Be3 Bxe3 8.
fxe3 Nf6 9. Qd3 dxe4 10. Nxe4 Nxe4 11. Qxe4 Qxb2 12. Rd1 Nc6 13. Ng5 Qxa2 14.
Nxh7 Qa5+ 15. Kf2 Qh5 16. Bd3 f5 17. g4 Qh4+ 18. Kf3 fxe4+ 19. Bxe4 Ne5+ 20. Ke2
Qxg4+ 21. Kd2 Qxe4 22. Rhg1 Rxh7 23. Kc1 Rxh2 24. Rd2 Qxe3 25. Rd1 Nc4 26. c3
Qxc3+ 27. Kb1 Rxd2 28. Rxd2 Qxd2 0-1

[Event "Challenge"]
[Site "http://www.queenalice.com/game.php?id=780881"]
[Date "2010.5.26"]
[Round "-"]
[White "bcnbuda"]
[Black "theblackfox"]
[Result "1-0"]
[WhiteElo "1857"]
[BlackElo "1884"]

1. e4 e5 2. Nf3 Nc6 3. Bc4 Bc5 4. d3 Nf6 5. c3 d5 6. exd5 Nxd5 7. O-O O-O 8. Re1
Be6 9. b4 Bb6 10. a4 a5 11. b5 Nce7 12. Nxe5 Nf5 13. Ra2 Qf6 14. Qh5 Nh4 15. Rb2
Qxf2+ 16. Rxf2 Bxf2+ 17. Kxf2 Nf5 18. Bxd5 g6 19. Qf3 Nh4 20. Qf6 Nf5 21. g4 Nd6
22. Bc6 bxc6 23. Nxc6 Ne8 24. Ne7# 1-0

[Event "Challenge"]
[Site "http://www.queenalice.com/game.php?id=780882"]
[Date "2010.5.26"]
[Round "-"]
[White "bcnbuda"]
[Black "theblackfox"]
[Result "1-0"]
[WhiteElo "1905"]
[BlackElo "1896"]

1. d4 d5 2. Nf3 Nf6 3. c4 Nc6 4. Nc3 Bg4 5. Ne5 e6 6. Qa4 Nd7 7. Nxg4 Nxd4 8.
cxd5 Bc5 9. Be3 Qh4 10. Bxd4 Qxg4 11. Bxc5 Qxa4 12. Nxa4 b6 13. Bd4 O-O-O 14.
dxe6 fxe6 15. Bxg7 Rhg8 16. Bh6 Ne5 17. e3 Ng4 18. Bf4 e5 19. Ba6+ Kb8 20. Bg3
c5 21. h3 Nxe3 22. Bxe5+ Ka8 23. fxe3 Rxg2 24. Rd1 Re8 25. Rd7 Rc2 26. Bb7# 1-0

[Event "The Blues"]
[Site "http://www.queenalice.com/game.php?id=791140"]
[Date "2010.6.16"]
[Round "-"]
[White "bcnbuda"]
[Black "bobifixer"]
[Result "1-0"]
[WhiteElo "2064"]
[BlackElo "1929"]

1. Nf3 Nf6 2. c4 e6 3. d4 d5 4. Nc3 Bb4 5. Qb3 Be7 6. Bg5 O-O 7. Bxf6 Bxf6 8.
cxd5 exd5 9. Nxd5 b6 10. Rc1 c6 11. Nxf6+ Qxf6 12. e3 Be6 13. Bc4 Bg4 14. Ne5
Be6 15. Bxe6 fxe6 16. f4 Qh4+ 17. g3 Qe7 18. Nxc6 Nxc6 19. Rxc6 Kh8 20. O-O e5
21. dxe5 Rad8 22. Rfc1 h5 23. e4 h4 24. Rc7 Rd7 25. Rxd7 Qxd7 26. Qd1 Qf7 27. a3
Qg6 28. Qd6 Qe8 29. e6 hxg3 30. e7 gxh2+ 31. Kh1 Rf7 32. Rc7 1-0

[Event "Challenge"]
[Site "http://www.queenalice.com/game.php?id=796448"]
[Date "2010.6.29"]
[Round "-"]
[White "ZUMBI"]
[Black "bcnbuda"]
[Result "0-1"]
[WhiteElo "1937"]
[BlackElo "2039"]

1. e4 e5 2. Nf3 Nf6 3. Nxe5 Qe7 4. d4 d6 5. Nf3 Nxe4 6. Be3 Bf5 7. Bc4 Nd7 8.
O-O O-O-O 9. Nc3 Re8 10. Nd5 Qd8 11. g3 c6 12. Nf4 d5 13. Bb3 h5 14. Nh4 Bh7 15.
f3 Nxg3 16. hxg3 Rxe3 17. Nxh5 Re8 18. a4 Bg8 19. f4 g6 20. c4 Rxh5 21. cxd5
cxd5 22. Bxd5 Rxd5 23. f5 Bg7 24. fxg6 Bxd4+ 25. Kh2 fxg6 26. Nxg6 Bc5 27. Qc2
Rh5+ 28. Nh4 Rxh4+ 29. gxh4 Qxh4+ 30. Kg2 Bd5+ 31. Rf3 Qg4+ 32. Kf1 Qxf3+ 0-1

[Event "Challenge"]
[Site "http://www.queenalice.com/game.php?id=796459"]
[Date "2010.6.29"]
[Round "-"]
[White "JCOELHO"]
[Black "bcnbuda"]
[Result "0-1"]
[WhiteElo "2056"]
[BlackElo "2004"]

1. e4 c6 2. d4 d5 3. Nc3 dxe4 4. Nxe4 Nf6 5. Nxf6+ gxf6 6. Nf3 Bf5 7. Bc4 e6 8.
O-O Qd6 9. Nh4 Bg6 10. g3 Nd7 11. Bf4 Qb4 12. b3 Qc3 13. Bd3 Bxd3 14. cxd3 Qxd4
15. Nf3 Qd5 16. a4 Nc5 17. b4 Nxd3 18. a5 Nxf4 19. gxf4 Qf5 20. Qd2 Qg4+ 21. Kh1
Qxf3+ 22. Kg1 Rg8# 0-1

[Event "Challenge"]
[Site "http://www.queenalice.com/game.php?id=797243"]
[Date "2010.6.30"]
[Round "-"]
[White "eddval"]
[Black "bcnbuda"]
[Result "1/2-1/2"]
[WhiteElo "2116"]
[BlackElo "2060"]

1. e4 c5 2. Nf3 d6 3. d4 cxd4 4. Nxd4 Nf6 5. Nc3 a6 6. Bg5 Nc6 7. Bxf6 gxf6 8.
Qd2 Rg8 9. O-O-O Nxd4 10. Qxd4 Be6 11. g3 Rc8 12. Be2 Bg7 13. Qb4 Qc7 14. Bd3
Bg4 15. Rd2 Bf3 16. Nd5 Qc6 17. Re1 Bh6 18. Ne3 Rg5 19. Nf5 Rxf5 20. exf5 Qc5
21. Qxc5 dxc5 22. c4 Bxd2+ 23. Kxd2 Rd8 24. Kc3 Rd4 25. b4 b6 26. bxc5 bxc5 27.
Rb1 Kd7 28. Rb8 h5 29. Rf8 Be4 30. Be2 Bxf5 31. Ra8 Rd6 32. Ra7+ Kd8 33. h4 Bg6
34. Ra8+ Kc7 35. Ra7+ Kd8 36. Ra8+ Kd7 37. Ra7+ Kd8 38. Ra8+ Kd7 39. Ra7+ Kd8
40. Ra8+ Kd7 41. Ra7+ Kd8 42. Ra8+ Kd7 43. Ra7+ 1/2-1/2

[Event "Challenge"]
[Site "http://www.queenalice.com/game.php?id=810966"]
[Date "2010.7.30"]
[Round "-"]
[White "eddval"]
[Black "bcnbuda"]
[Result "0-1"]
[WhiteElo "2101"]
[BlackElo "2081"]

1. c4 Nf6 2. Nc3 e5 3. g3 d5 4. cxd5 Nxd5 5. Bg2 Nb6 6. Nf3 Nc6 7. d3 Be7 8. O-O
O-O 9. b3 Bg4 10. h3 Be6 11. Bb2 Qd7 12. Rc1 Bxh3 13. Ne4 Bxg2 14. Kxg2 f5 15.
Nc5 Bxc5 16. Rxc5 e4 17. dxe4 fxe4 18. Ne5 Qd6 19. Qc1 Rf5 20. Rd1 Qf8 21. f4
exf3+ 22. Nxf3 Rxc5 0-1

[Event "Challenge"]
[Site "http://www.queenalice.com/game.php?id=810967"]
[Date "2010.7.30"]
[Round "-"]
[White "eddval"]
[Black "bcnbuda"]
[Result "0-1"]
[WhiteElo "2101"]
[BlackElo "2105"]

1. e4 e6 2. d4 d5 3. Nd2 Nf6 4. e5 Nfd7 5. Bd3 c5 6. c3 Nc6 7. Ne2 cxd4 8. cxd4
Qb6 9. Nf3 f6 10. exf6 Nxf6 11. O-O Bd6 12. Nc3 O-O 13. a3 e5 14. dxe5 Nxe5 15.
Nxe5 Bxe5 16. Nxd5 Nxd5 17. Bc4 Bxh2+ 18. Kxh2 Qc7+ 19. Kg1 Qxc4 20. b3 Qc5 21.
Bb2 Nf4 22. g3 Nh3+ 23. Kh1 Nxf2+ 24. Rxf2 Rxf2 25. Rc1 Qg5 0-1

[Event "Challenge"]
[Site "http://www.queenalice.com/game.php?id=817736"]
[Date "2010.8.13"]
[Round "-"]
[White "bcnbuda"]
[Black "eddval"]
[Result "1/2-1/2"]
[WhiteElo "2171"]
[BlackElo "2153"]

1. e4 e5 2. Nc3 Nc6 3. Nf3 Nf6 4. Bb5 Bc5 5. O-O d6 6. d4 exd4 7. Nxd4 Bd7 8.
Nf5 Bxf5 9. exf5 h6 10. Re1+ Kd7 11. Na4 Bb6 12. Qf3 Re8 13. Bd2 Rxe1+ 14. Rxe1
Qf8 15. Bc3 Re8 16. Rxe8 Qxe8 17. Nxb6+ axb6 18. Qg3 Qf8 19. Kf1 Ne8 20. Qg4 f6
21. Qc4 Qe7 22. g4 d5 23. Qxd5+ Nd6 24. Bb4 Qe8 25. Bxd6 cxd6 26. h4 Kc7 27. h5
Qe7 28. c3 Ne5 29. Kg2 Nc6 30. Qe6 Qxe6 31. fxe6 Ne7 32. Bd3 d5 33. f4 Kd6 34.
f5 Ke5 35. Kf3 Kd6 36. Be2 Nc6 37. Bb5 Ne7 38. Ke3 Kc5 39. a4 Ng8 40. Kd3 Ne7
41. Bd7 Kd6 42. Kd4 Kc7 43. b4 Kd6 44. Bb5 Nc8 45. Bf1 Ne7 46. b5 Kc7 47. Bg2
Kd6 48. c4 dxc4 49. Bxb7 c3 50. Kxc3 Kc5 51. Be4 Nc8 52. Bg2 Ne7 53. Bb7 Ng8 54.
Bh1 Ne7 55. Bf3 Ng8 56. Bh1 Ne7 57. Bf3 Nc8 58. Bh1 Ne7 1/2-1/2

[Event "Challenge"]
[Site "http://www.queenalice.com/game.php?id=817737"]
[Date "2010.8.13"]
[Round "-"]
[White "bcnbuda"]
[Black "eddval"]
[Result "1-0"]
[WhiteElo "2127"]
[BlackElo "2153"]

1. d4 d5 2. Nf3 Bf5 3. c4 e6 4. Qb3 b6 5. cxd5 Qxd5 6. Nc3 Qxb3 7. axb3 Bb4 8.
Bd2 c6 9. Na4 Bxd2+ 10. Nxd2 Nd7 11. Nc4 Rb8 12. Nd6+ Ke7 13. Nxf5+ exf5 14. Nc3
a5 15. d5 Ngf6 16. dxc6 Ne5 17. c7 Rb7 18. Nb5 Nd5 19. Rc1 Rc8 20. g3 Rbxc7 21.
Nxc7 Rxc7 22. Rxc7+ Nxc7 23. e3 Ne6 24. Bc4 Nc5 25. Ke2 f6 26. Bd5 Ned3 27. Rd1
Nb4 28. Bg8 h6 29. Bh7 Ke6 30. f3 Nc6 31. Bg8+ Ke7 32. h4 Nb7 33. Bd5 Nbd8 34.
h5 Nb4 35. Bg8 Ndc6 36. Bc4 Ne5 37. Rd4 Nec6 38. Rf4 Nc2 39. Kd2 N2b4 40. Rxf5
Ne5 41. Ke2 Kd6 42. Rf4 Nbc6 43. Bb5 Na7 44. Rd4+ Ke7 45. Bc4 Nac6 46. Rd2 Nb4
47. Bb5 Na2 48. f4 Nc1+ 49. Kd1 Nxb3 50. fxe5 Nxd2 51. exf6+ 1-0

[Event "Challenge"]
[Site "http://www.queenalice.com/game.php?id=824998"]
[Date "2010.8.29"]
[Round "-"]
[White "bcnbuda"]
[Black "Hyperboreo"]
[Result "1-0"]
[WhiteElo "2150"]
[BlackElo "2184"]

1. c4 e6 2. d4 Nf6 3. Nf3 d5 4. Nc3 Be7 5. Bf4 O-O 6. e3 b6 7. cxd5 Nxd5 8. Nxd5
Qxd5 9. Bxc7 Bb4+ 10. Nd2 Na6 11. Bg3 Bb7 12. a3 Be7 13. Qa4 Nb8 14. Rc1 Nc6 15.
Nb1 Qa5+ 16. Nc3 Qxa4 17. Nxa4 Rac8 18. Nc3 Na5 19. Kd1 Nc4 20. Bxc4 Rxc4 21. f3
Rfc8 22. Kd2 Kf8 23. Nb5 a6 24. Rxc4 Rxc4 25. Na7 Ke8 26. b3 1-0

[Event "Challenge"]
[Site "http://www.queenalice.com/game.php?id=827549"]
[Date "2010.9.3"]
[Round "-"]
[White "EdoVillarroel"]
[Black "bcnbuda"]
[Result "0-1"]
[WhiteElo "1944"]
[BlackElo "2158"]

1. e4 c5 2. c3 d5 3. exd5 Qxd5 4. d4 e6 5. Nf3 Nc6 6. Na3 Qd8 7. Nc2 Be7 8. Bd3
Nf6 9. Be3 Qb6 10. b3 Qa5 11. Qd2 Nd5 12. dxc5 Qxc3 13. Qxc3 Nxc3 14. O-O e5 15.
Bd2 e4 16. Bxc3 exd3 17. Ne3 Be6 18. Rad1 Rd8 19. b4 Bf6 20. Bxf6 gxf6 21. a3
Ne5 22. Nd2 Kf8 23. Ne4 f5 24. Ng5 f4 25. Nxe6+ fxe6 26. Nc2 Ke7 27. Na1 Nc4 28.
Nb3 Rhg8 29. Nd2 Nxa3 30. Ra1 Nb5 31. Rfe1 Rd4 32. Ra4 Rd5 33. Kf1 Rh5 34. h3
Rhg5 35. g3 fxg3 36. Ne4 g2+ 37. Kg1 Re5 38. f4 d2 0-1

[Event "Challenge"]
[Site "http://www.queenalice.com/game.php?id=827550"]
[Date "2010.9.3"]
[Round "-"]
[White "bcnbuda"]
[Black "EdoVillarroel"]
[Result "1-0"]
[WhiteElo "2171"]
[BlackElo "1975"]

1. d4 e6 2. c4 Nf6 3. Nf3 d5 4. Nc3 Be7 5. Bg5 h6 6. Bxf6 Bxf6 7. e4 dxe4 8.
Nxe4 O-O 9. Qd2 b6 10. Qe3 Bb7 11. Rd1 Be7 12. Bd3 Nd7 13. O-O Nf6 14. Ne5 a5
15. Nxf6+ Bxf6 16. Bc2 Be7 17. Rfe1 Bb4 18. Re2 Re8 19. Qd3 Qg5 20. Qh7+ Kf8 21.
f4 Qh5 22. g4 Qh3 23. Qh8+ Ke7 24. Qxg7 Kd8 25. Qxf7 Re7 26. Qf8+ Re8 27. Qf6+
Kc8 28. Rd3 Be7 29. Qxe6+ Kb8 30. Rxh3 1-0

[Event "Challenge"]
[Site "http://www.queenalice.com/game.php?id=833819"]
[Date "2010.9.16"]
[Round "-"]
[White "bcnbuda"]
[Black "crubiov"]
[Result "0-1"]
[WhiteElo "2166"]
[BlackElo "2570"]

1. e4 e5 2. Nf3 Nf6 3. d4 Nxe4 4. Bd3 d5 5. Nxe5 Nd7 6. Nxd7 Bxd7 7. O-O Qh4 8.
c4 O-O-O 9. cxd5 Nf6 10. Nc3 Re8 11. g3 Qxd4 12. Be3 Rxe3 13. fxe3 Qxe3+ 14. Kh1
Bb4 15. Rc1 Kb8 16. Qc2 Bh3 17. Ne4 Nxe4 18. Bxe4 Qxe4+ 19. Kg1 Bc5+ 0-1

[Event "Challenge"]
[Site "http://www.queenalice.com/game.php?id=877850"]
[Date "2010.12.28"]
[Round "-"]
[White "bcnbuda"]
[Black "Hyperboreo"]
[Result "1-0"]
[WhiteElo "2166"]
[BlackElo "2151"]

1. e4 c5 2. Nf3 e6 3. d4 cxd4 4. Nxd4 a6 5. Be2 b5 6. O-O Bb7 7. a4 b4 8. e5 Qc7
9. Bf3 Bc5 10. Bxb7 Qxb7 11. Nb3 Ba7 12. N1d2 Nc6 13. Nc4 Bb8 14. Nc5 Qc7 15.
Nd6+ Ke7 16. Bf4 Nh6 17. Qh5 Rf8 18. Qg5+ f6 19. Qxg7+ Rf7 20. exf6+ 1-0

[Event "Challenge"]
[Site "http://www.queenalice.com/game.php?id=881275"]
[Date "2011.1.4"]
[Round "-"]
[White "bcnbuda"]
[Black "PROFILER"]
[Result "1-0"]
[WhiteElo "2178"]
[BlackElo "2183"]

1. d4 Nf6 2. Nf3 g6 3. Nc3 Bg7 4. e4 d6 5. Bc4 O-O 6. Bf4 Bg4 7. h3 Bxf3 8. Qxf3
Nc6 9. O-O-O Nd7 10. e5 dxe5 11. dxe5 Ncxe5 12. Bxe5 Bxe5 13. Rhe1 Bg7 14. Qd3
Ne5 15. Qg3 Nd7 16. Nb5 c6 17. Nc7 Rc8 18. Ne6 Qb6 19. Nxg7 Qb4 20. Re4 1-0

[Event "Challenge"]
[Site "http://www.queenalice.com/game.php?id=881277"]
[Date "2011.1.4"]
[Round "-"]
[White "PROFILER"]
[Black "bcnbuda"]
[Result "1-0"]
[WhiteElo "2185"]
[BlackElo "2190"]

1. e4 d5 2. exd5 Qxd5 3. d4 Nc6 4. Nf3 Bg4 5. c4 Qe6+ 6. Be2 Bxf3 7. gxf3 Qg6 8.
Bf4 O-O-O 9. d5 e6 10. Nc3 Nf6 11. Qb3 Nd4 12. Qa4 Nc2+ 13. Kf1 Nxa1 14. Qxa7
Qf5 15. Qa8+ Kd7 16. Qa4+ c6 17. dxc6+ bxc6 18. Bg3 Nc2 19. Kg2 Nd4 20. Rd1 Ke7
21. Rxd4 Rxd4 22. Qxc6 Rd7 23. Bd1 Qa5 24. Ba4 Kd8 25. Ne4 1-0